| 000 | 00771nam a2200265Ia 4500 | ||
|---|---|---|---|
| 003 | OSt | ||
| 005 | 20221006153735.0 | ||
| 006 | a|||||r|||| 00| 0 | ||
| 007 | ta | ||
| 008 | 221006b |||||||| |||| 00| 0 chi d | ||
| 020 | _a9789574440603 | ||
| 024 | _a33,202 | ||
| 037 |
_bGift, PRC _cAnnuals, Advances |
||
| 040 |
_aEASL _cEASL _bchi |
||
| 041 |
_2chi _achi |
||
| 082 | _aO4295,4NCH, 41P3 | ||
| 100 |
_aCHEN Fang ming Au. _9665216 |
||
| 245 | 0 |
_aXin shi ji sanwen jia 9 _b Chen Fang Ming Jing Xuan Ji |
|
| 260 |
_aTaibei _bJiu ge chu ban she you xian _c2003 |
||
| 300 |
_a316p. _ccm. |
||
| 490 | _v CL | ||
| 650 |
_aCL _9642733 |
||
| 942 |
_hO4295,4NCH, 41P3 _cREF _2CC |
||
| 999 |
_c1101288 _d1101288 |
||